[Event "Pinerolo op"]
[Site "Pinerolo"]
[Date "2009.11.15"]
[Round "5"]
[White "Abbura, Davide"]
[Black "Giordana, Diego"]
[Result "1-0"]
[WhiteElo "1691"]
[BlackElo "1485"]
[PlyCount "35"]
[EventDate "2009.11.13"]
[EventType "swiss"]
[EventRounds "5"]
[EventCountry "ITA"]
[SourceTitle "EXT 2012"]
[Source "ChessBase"]
[SourceDate "2011.11.24"]
[SourceVersion "1"]
[SourceVersionDate "2011.11.24"]
[SourceQuality "1"]

1. e4 e5 2. Nf3 Nc6 3. Bb5 a6 4. Ba4 Nf6 5. 0-0 Be7 6. d3 b5 7. Bb3 0-0 8. Bg5 d6 9. h3 Be6 10. Bxe6 fxe6 11. Nbd2 d5 12. c3 Ne8 13. Bxe7 Qxe7 14. exd5 exd5 15. Qb3 Nf6 16. Rfe1 Rad8 17. Ne4 Qd6 18. Nxd6 1-0

[Event "Pinerolo op"]
[Site "Pinerolo"]
[Date "2009.11.14"]
[Round "3"]
[White "Giordana, Diego"]
[Black "Piazza, Giacomo"]
[Result "0-1"]
[WhiteElo "1485"]
[BlackElo "1540"]
[PlyCount "132"]
[EventDate "2009.11.13"]
[EventType "swiss"]
[EventRounds "5"]
[EventCountry "ITA"]
[SourceTitle "EXT 2012"]
[Source "ChessBase"]
[SourceDate "2011.11.24"]
[SourceVersion "1"]
[SourceVersionDate "2011.11.24"]
[SourceQuality "1"]

1. e4 e5 2. Nf3 f5 3. Bc4 fxe4 4. Nxe5 Qg5 5. d4 Qxg2 6. Rf1 Nf6 7. Bf7+ Ke7 8. b3 Nc6 9. Ba3+ d6 10. Nc3 Nxe5 11. dxe5 Kxf7 12. exf6 g6 13. Qd5+ Be6 14. Qxb7 Bh6 15. Nxe4 Rhd8 16. Nxd6+ Rxd6 17. Qxg2 Bd5 18. Qh3 Re8+ 19. Qe3 Bxe3 20. Bxd6 Bc5+ 21. Kd2 Bxd6 22. c4 Bf4+ 23. Kd3 Be4+ 24. Kd4 Bb7 25. Rae1 Rd8+ 26. Kc5 Bd6+ 27. Kb5 c6+ 28. Ka4 Bc7 29. Kb4 Kxf6 30. Re2 Be5 31. Rfe1 a5+ 32. Kxa5 Bc3+ 33. Kb6 Bxe1 34. Kxb7 Bc3 35. Kxc6 Be5 36. Re3 Rd2 37. Rf3+ Kg7 38. a4 Bxh2 39. a5 Bg1 40. a6 Bxf2 41. c5 Bd4 42. Rf1 Ra2 43. Kb6 Bxc5+ 44. Kxc5 Rxa6 45. Kb5 Re6 46. Kc5 h5 47. b4 g5 48. b5 Kg6 49. b6 Re2 50. Rb1 Rc2+ 51. Kd4 Rc8 52. b7 Rb8 53. Ke5 h4 54. Rb3 Kh5 55. Kd6 g4 56. Rb2 h3 57. Kc7 Rxb7+ 58. Kxb7 Kh4 59. Kb6 Kg3 60. Rb3+ Kh4 61. Kc5 h2 62. Rb8 g3 63. Kd4 Kh3 64. Ke3 h1Q 65. Rh8+ Kg2 66. Rxh1 Kxh1 0-1

[Event "Pinerolo op"]
[Site "Pinerolo"]
[Date "2009.11.13"]
[Round "1"]
[White "Longo, Luigi"]
[Black "Giordana, Diego"]
[Result "1-0"]
[WhiteElo "1962"]
[BlackElo "1485"]
[PlyCount "65"]
[EventDate "2009.11.13"]
[EventType "swiss"]
[EventRounds "5"]
[EventCountry "ITA"]
[SourceTitle "EXT 2012"]
[Source "ChessBase"]
[SourceDate "2011.11.24"]
[SourceVersion "1"]
[SourceVersionDate "2011.11.24"]
[SourceQuality "1"]

1. d4 Nf6 2. Nf3 e6 3. Bg5 c5 4. e3 Nc6 5. c3 Be7 6. Nbd2 d5 7. Bd3 b6 8. 0-0 0-0 9. Qa4 Bd7 10. Qd1 Qc7 11. Re1 e5 12. dxe5 Nxe5 13. Nxe5 Qxe5 14. Bf4 Qh5 15. Be2 Bg4 16. f3 Be6 17. g4 Qh4 18. Bg3 Qh6 19. f4 Qh3 20. f5 Bd7 21. g5 Ne4 22. Bg4 Qxg4 23. Qxg4 Nxd2 24. Rad1 Ne4 25. Rxd5 Nd6 26. Bxd6 Bxd6 27. Rxd6 Bc8 28. Red1 g6 29. e4 Kh8 30. Qh4 gxf5 31. Rh6 Bb7 32. Rxh7+ Kg8 33. Rh8+ 1-0